Canada National Football Team - Statistics

General Stats
  • This quiz has been taken 32 times
  • The average score is 5 of 18
Answer Stats
Goals Caps Player % Correct
15 58 Alphonso Davies
92%
37 73 Jonathan David
88%
30 87 Cyle Larin
60%
9 104 Atiba Hutchinson
52%
17 68 Junior Hoilett
32%
4 89 Julián de Guzmán
28%
0 80 Milan Borjan
28%
22 81 Dwayne De Rosario
24%
9 87 Jonathan Osorio
20%
19 40 Lucas Cavallini
12%
16 66 Alex Bunbury
8%
15 30 Ali Gerba
8%
19 55 Dale Mitchell
8%
19 43 John Catliff
8%
3 78 Mark Watson
8%
7 84 Paul Stalteri
8%
0 82 Randy Samuel
8%
17 60 Tosaint Ricketts
8%
No matching quizzes found
Score Distribution
Percent of People with Each Score
Percentile by Number Answered
Your Score History
You have not taken this quiz